| 000 | 00000cam 2200000zi 4500 |
| 001 | 9.943382 |
| 003 | CaOODSP |
| 005 | 20260402083106 |
| 006 | m o d f |
| 007 | cr mn||||||||| |
| 008 | 240918t20242024quc o f000 0 fre d |
| 020 | |a9780660737027 |
| 040 | |aCaOODSP|bfre|erda|cCaOODSP |
| 043 | |an-cn--- |
| 086 | 1 |aEn4-472/1-2024F-PDF |
| 245 | 00|aRecueil des protocoles fédéraux de crédits compensatoires. |
| 246 | 17|aRecueil des protocoles fédéraux de crédits compensatoires, version 5.0 |
| 250 | |aVersion 5.0. |
| 264 | 1|aGatineau (Québec) : |bEnvironnement et changement climatique Canada = Environment and Climate Change Canada, |coctobre 2024. |
| 264 | 4|c©2024 |
| 300 | |a1 ressource en ligne (iv, 6 pages) |
| 336 | |atexte|btxt|2rdacontent/fre |
| 337 | |ainformatique|bc|2rdamedia/fre |
| 338 | |aressource en ligne|bcr|2rdacarrier/fre |
| 500 | |aTitre de la couverture. |
| 500 | |aSur la couverture : Régime de crédits compensatoires pour les gaz à effet de serre du Canada. |
| 500 | |aPublié aussi en anglais sous le titre : Compendium of federal offset protocols. |
| 650 | 6|aCompensation des émissions de carbone|xPolitique gouvernementale|zCanada. |
| 650 | 6|aGaz à effet de serre|xRéduction|xPolitique gouvernementale|zCanada. |
| 710 | 1 |aCanada. |bEnvironnement et changement climatique Canada, |eorganisme de publication. |
| 775 | 08|tCompendium of federal offset protocols.|w(CaOODSP)9.943381 |
| 794 | |tRecueil des protocoles fédéraux de crédits compensatoires.|bVersion 6.0|w(CaOODSP)9.946775 |
| 795 | |tRecueil des protocoles fédéraux de crédits compensatoires.|bVersion 4.0|w(CaOODSP)9.932494 |
| 856 | 40|qPDF|s247 Ko|uhttps://publications.gc.ca/collections/collection_2024/eccc/en4/En4-472-1-2024-fra.pdf |
| 856 | 4 |qHTML|sS.O.|uhttps://www.canada.ca/fr/environnement-changement-climatique/services/changements-climatiques/fonctionnement-tarification-pollution/systeme-tarification-fonde-rendement/systeme-federal-credits-compensatoires-gaz-effet-serre/recueil-protocoles.html |
| 986 | |aECEC24060 |